000 00521nam a22001817a 4500
005 20150929115418.0
010 _aENG-113701
020 _a9788189430658
_c150.00
035 _aEN-97233
037 _bDBAD/PUB
082 _aS
100 _aPraver, Asha
245 _aLoved and protected :
_cby Asha Praver
_bstories of miracles and answered prayers /
260 _aGurgaon
_bAnanda Sangha Publications
_c2013
270 _aB-108 DLF Phase I
_bGurgaon
_e122002
300 _a294p.
_c19cm(pbk)
942 _2ddc
_cEN
_mPRA
_hS
999 _c95218
_d95218